000 00211nam a22001097a 4500
041 _aeng
080 _a80
100 _aJodlowski, S.
245 _aZasady Pisowni Polskiey.
650 _aPolish
999 _c277847
_d277847
942 _cBK